000
00300nam a22001337a 4500
008
181012b xxu||||| |||| 00| 0 eng d
020
_a
9780781743693
041
_a
eng
080
_a
610
100
_a
4
101
_a
SHM
245
_a
General Internal Medicine Consult
_c
Kwoh,Ch
942
_2
udc
_c
BK
999
_c
49546
_d
49546